खतरनाक खेळण (पेरी मेसन). (Record no. 1327759)

MARC details
000 -LEADER
fixed length control field 00846nam a2200181Ia 4500
008 - FIXED-LENGTH DATA ELEMENTS--GENERAL INFORMATION
fixed length control field 151202s9999||||xx |||||||||||||| ||und||
082 ## - DEWEY DECIMAL CLASSIFICATION NUMBER
Item number PNVM-61225
100 ## - MAIN ENTRY--PERSONAL NAME
Personal name अर्ल स्टनले गार्डनर अनु. भावे अर्पणा.
245 ## - TITLE STATEMENT
Title खतरनाक खेळण (पेरी मेसन).
260 ## - PUBLICATION, DISTRIBUTION, ETC. (IMPRINT)
Name of publisher, distributor, etc स्वप्न प्रकाशन पुणे.
260 ## - PUBLICATION, DISTRIBUTION, ETC. (IMPRINT)
Date of publication, distribution, etc 61225
300 ## - PHYSICAL DESCRIPTION
Extent 250
600 ## - SUBJECT ADDED ENTRY--PERSONAL NAME
Personal name अर्ल स्टनले गार्डनर अनु. भावे अर्पणा.
630 ## - SUBJECT ADDED ENTRY--UNIFORM TITLE
Uniform title खतरनाक खेळण (पेरी मेसन).
700 ## - ADDED ENTRY--PERSONAL NAME
Personal name अर्ल स्टनले गार्डनर अनु. भावे अर्पणा.
730 ## - ADDED ENTRY--UNIFORM TITLE
Uniform title खतरनाक खेळण (पेरी मेसन).
942 ## - ADDED ENTRY ELEMENTS (KOHA)
Koha item type Book
Holdings
Withdrawn status Lost status Damaged status Not for loan Home library Current library Date acquired Cost, normal purchase price Total Checkouts Full call number Barcode Date last seen Cost, replacement price Price effective from Koha item type
        Pune Nagar Vachan Mandir, Pune Pune Nagar Vachan Mandir, Pune 06/21/2015 0.00   PNVM-61225 PNVM-61225 12/02/2015 0.00 12/02/2015 Book